Progetto di riforma nella scuola popolare

Gespeichert in:
Bibliographische Detailangaben
1. Verfasser: De Francesco, Emidio (VerfasserIn)
Format: Buch
Sprache:Italienisch
Erschienen: Chieti : tip. C. Marchionne, 1898
Katalog:EDISCO:  Suchergebnis im Bibliothekskatalog
Schulbuchspezifische Eigenschaften:
Schlagworte:
Tags: Tag hinzufügen
Keine Tags, Fügen Sie den ersten Tag hinzu!
Hinzugefügt zu:30.04.2016
Geändert in:17.11.2017

MARC

LEADER 00000aam a22000005 4500
001 00067
003 OSt
005 20171117102147.0
008 160501s1898 it 000 0 ita
999 |c 68  |d 68 
040 |c Antonio Parlati - L'Acquila 
041 1 |a ita 
100 1 |a De Francesco, Emidio  |9 92  |e Author 
245 0 0 |a Progetto di riforma nella scuola popolare /   |c Emidio De Francesco  
260 |a Chieti :   |b tip. C. Marchionne,   |c 1898 
300 |a 48 p., 1/1 ;   |c in 8° 
546 |a ita 
650 |a Istruzione popolare   |9 113 
690 |a Educazione degli adulti  |x Corso Popolare   |9 114 
901 |a 5 
942 |2 ddc  |c BK 
999 |c edisco:68  |d 68